000 00314 a2200133 4500
020 _a9695191207
090 _c5850
_d5850
100 _aIbn Arabi
245 _aThe Meccan Revelations
_bPart II
260 _aLahore
_bSuhail Academy
_c2005
300 _a269 p.
500 _aHardcover
942 _aNBS
_cBK
_k297.4 ARA
999 _c348247
_d348247